Enhancing LAN performance
Uloženo v:
| Hlavní autor: | |
|---|---|
| Médium: | Kniha |
| Jazyk: | English |
| Vydáno: |
Boca Raton, FL
Auerbach Publications
2004
|
| Vydání: | 4th ed. |
| Témata: | |
| Tagy: |
Přidat tag
Žádné tagy, Buďte první, kdo otaguje tento záznam!
|
| LEADER | 00770pam a2200217 4500 | ||
|---|---|---|---|
| 001 | 0000015222 | ||
| 008 | 051114s2004 flu eng | ||
| 010 | |a 2003063686 | ||
| 020 | |a 0849319420 | ||
| 050 | 0 | 0 | |a TK5105.7 |b .H45 2004 |
| 090 | 0 | 0 | |a TK5105.7 |b .H45 2004 |
| 100 | 1 | |a Held, Gilbert |9 33994 | |
| 245 | 1 | 0 | |a Enhancing LAN performance |c /Held Gilbert |
| 250 | |a 4th ed. | ||
| 260 | |a Boca Raton, FL |b Auerbach Publications |c 2004 | ||
| 300 | |a xvii, 396 p. |b ill. |c 25 cm | ||
| 650 | 0 | |a Local area networks (Computer networks) |x Evaluation |9 84606 | |
| 998 | 0 | 0 | |a kha/141105 |
| 999 | |c 15203 |d 15203 | ||
| 997 | |a FKEK | ||
| 952 | |0 0 |1 0 |2 lcc |4 0 |7 0 |9 21430 |a PLHKI |b PLHKI |c Open Shelf |d 2019-02-26 |e KOPK |g 499.25 |l 3 |o TK5105 7 H45 2004 |p 0000010651 |r 2007-10-29 |s 2007-10-29 |w 2019-02-26 |y BOK - OS | ||